Introduction to Iqbal / (Record no. 21929)
[ view plain ]
| 000 -LEADER | |
|---|---|
| fixed length control field | 00668nam a22002411 4500 |
| 001 - CONTROL NUMBER | |
| control field | 21929 |
| 003 - CONTROL NUMBER IDENTIFIER | |
| rucl marc code | BD-RjUL |
| 005 - DATE AND TIME OF LATEST TRANSACTION | |
| control field | 20211209000739.0 |
| 008 - FIXED-LENGTH DATA ELEMENTS--GENERAL INFORMATION | |
| fixed length control field | 140306s1959 pk 000 0 eng |
| 035 ## - SYSTEM CONTROL NUMBER | |
| System control number | (BD-RjUL)21994 |
| System control number | (OCoLC)6046399 |
| 040 ## - CATALOGING SOURCE | |
| Original cataloging agency | DLC |
| Transcribing agency | CChiS |
| Modifying agency | DLC |
| -- | BD-RjUL |
| Language of cataloging | eng |
| 041 ## - LANGUAGE CODE | |
| Language code of text/sound track or separate title | eng |
| 082 ## - DEWEY DECIMAL CLASSIFICATION NUMBER | |
| Classification number | 891.4 |
| Author mark and year | VAI 1959 |
| 100 1# - MAIN ENTRY--PERSONAL NAME | |
| Personal name | Vahid, Syed Abdul. |
| 9 (RLIN) | 66252 |
| 245 10 - TITLE STATEMENT | |
| Title | Introduction to Iqbal / |
| Statement of responsibility, etc. | Syed Abdul Vahid. |
| 260 ## - PUBLICATION, DISTRIBUTION, ETC. (IMPRINT) | |
| Place of publication, distribution, etc. | Karachi : |
| Name of publisher, distributor, etc. | Pakistan Publications, |
| Date of publication, distribution, etc. | 1959. |
| 300 ## - PHYSICAL DESCRIPTION | |
| Pagination | 67 p. : |
| Illustrations | ill. ; |
| Size | 22 cm. |
| 600 10 - SUBJECT ADDED ENTRY--PERSONAL NAME | |
| Personal name | Iqbal, Muhammad, |
| Titles and other words associated with a name | Sir, |
| Dates associated with a name | 1877-1938. |
| 942 ## - ADDED ENTRY ELEMENTS (KOHA) | |
| Source of classification or shelving scheme | Dewey Decimal Classification |
| Koha item type | Books |
| Lost status | Source of classification or shelving scheme | Damaged status | Not for loan | Collection code | Permanent Location | Current Location | Shelving location | Date acquired | Source of acquisition | Cost, normal purchase price | Total Checkouts | Full call number | Date last seen | Copy number | Koha item type | Coded location qualifier |
|---|---|---|---|---|---|---|---|---|---|---|---|---|---|---|---|---|
| Dewey Decimal Classification | Non-fiction | Central Library, University of Rajshahi | Central Library, University of Rajshahi | 20/02/1976 | Fergson | 3.00 | 891.4 VAI 1959 | 06/03/2014 | C-6 | Books | ||||||
| Dewey Decimal Classification | Not For Loan | Non-fiction | Central Library, University of Rajshahi | Central Library, University of Rajshahi | Reading Room | 25/01/2026 | 891.4 VAI 1959 | 25/01/2026 | C-1 | Books | ||||||
| Dewey Decimal Classification | Non-fiction | Central Library, University of Rajshahi | Central Library, University of Rajshahi | General Stacks | 15/03/1955 | U.B.D | 3.00 | 891.4 VAI 1959 | 25/01/2026 | C-2 | Books | |||||
| Dewey Decimal Classification | Non-fiction | Central Library, University of Rajshahi | Central Library, University of Rajshahi | General Stacks | 20/02/1967 | U.B.D | 3.00 | 891.4 VAI 1959 | 25/01/2026 | C-3 | Books | Feroz sons | ||||
| Dewey Decimal Classification | Non-fiction | Central Library, University of Rajshahi | Central Library, University of Rajshahi | General Stacks | 20/02/1967 | U.B.D | 3.00 | 891.4 VAI 1959 | 25/01/2026 | C-4 | Books | Feroz sons | ||||
| Dewey Decimal Classification | Non-fiction | Central Library, University of Rajshahi | Central Library, University of Rajshahi | General Stacks | 20/02/1967 | U.B.D | 3.00 | 891.4 VAI 1959 | 25/01/2026 | C-5 | Books | Feroz sons |